00865cam a22002651 4500001001300000003000400013005001700017008004100034010001700075035001900092040002300111042001200134050002500146100001800171245005200189260007800241300001800319490003300337440004600370490004600416500002500462500006200487700003300549999001700582ne 68001962 DLC20260227111842.0791221s1963 tu 000 0 tur  ane 68001962  a(OCoLC)5818701 aDLCcAzUdAzUdDLC apremarc00aPL248.B48bZ89 no. 60 aOmar Khayyam.10aHayyam rubâîlerini Türkçe söyleyiş. a[Derleyen]bYahya Kemal.a[İstanbul,bYahya Kemal Enstitüsü]c1963. a60 p.c20 cm.0 aYahya Kemal külliyatı,v4 0aYahya Kemal Enstitüsü yayımları,v70 aIstanbul Fetih Cemiyeti neşriyatı,v51 aPersian and Turkish. aBound with Yahya Kemal. Rubâiler. [İstanbul] l963.0 aYahya Kemal,d1884-1958eed. c50402d50402